The 11 Systems of the Human Body - Statistics

General Stats
  • This quiz has been taken 253 times
  • The average score is 7 of 11
Answer Stats
system % Correct
digestive
81%
nervous
79%
circulatory
75%
respiratory
72%
endocrine
63%
skeletal
63%
muscular
62%
immune
55%
reproductive
55%
urinary
42%
integumentary
37%
No matching quizzes found
Score Distribution
Percent of People with Each Score
Percentile by Number Answered
Your Score History
You have not taken this quiz